header

Passport USA (Record no. 8258)

MARC details
000 -LEADER
fixed length control field 01534nam a2200373 a 4500
001 - CONTROL NUMBER
control field ebr10026330
003 - CONTROL NUMBER IDENTIFIER
control field CaPaEBR
006 - FIXED-LENGTH DATA ELEMENTS--ADDITIONAL MATERIAL CHARACTERISTICS--GENERAL INFORMATION
fixed length control field m u
007 - PHYSICAL DESCRIPTION FIXED FIELD--GENERAL INFORMATION
fixed length control field cr cn|||||||||
008 - FIXED-LENGTH DATA ELEMENTS--GENERAL INFORMATION
fixed length control field 960802s2001 cauab sb 000 0 eng
010 ## - LIBRARY OF CONGRESS CONTROL NUMBER
Canceled/invalid LC control number 96034757
020 ## - INTERNATIONAL STANDARD BOOK NUMBER
Cancelled/invalid ISBN 1885073151
040 ## - CATALOGING SOURCE
Original cataloging agency CaPaEBR
Transcribing agency CaPaEBR
035 ## - SYSTEM CONTROL NUMBER
System control number (OCoLC)70747755
050 14 - LIBRARY OF CONGRESS CALL NUMBER
Classification number HD58.7
Item number .E4455 1997eb
082 04 - DEWEY DECIMAL CLASSIFICATION NUMBER
Classification number 390/.00973
Edition number 20
100 1# - MAIN ENTRY--PERSONAL NAME
Personal name Engel, Dean W.
245 10 - TITLE STATEMENT
Title Passport USA
Medium [electronic resource] :
Remainder of title your pocket guide to American business, culture & etiquette /
Statement of responsibility, etc Dean William Engel ; contributing editor, Larry K. Peterson.
260 ## - PUBLICATION, DISTRIBUTION, ETC. (IMPRINT)
Place of publication, distribution, etc San Rafael, Calif. :
Name of publisher, distributor, etc World Trade Press,
Date of publication, distribution, etc c2001.
300 ## - PHYSICAL DESCRIPTION
Extent 96 p. :
Other physical details ill., maps.
490 1# - SERIES STATEMENT
Series statement Passport to the world
504 ## - BIBLIOGRAPHY, ETC. NOTE
Bibliography, etc Includes bibliographical references (p. [94]).
533 ## - REPRODUCTION NOTE
Type of reproduction Electronic reproduction.
Place of reproduction Palo Alto, Calif. :
Agency responsible for reproduction ebrary,
Date of reproduction 2013.
Note about reproduction Available via World Wide Web.
-- Access may be limited to ebrary affiliated libraries.
650 #0 - SUBJECT ADDED ENTRY--TOPICAL TERM
Topical term or geographic name as entry element Corporate culture
Geographic subdivision United States.
Topical term or geographic name as entry element Business etiquette
Geographic subdivision United States.
Topical term or geographic name as entry element Industrial management
General subdivision Social aspects
Geographic subdivision United States.
Topical term or geographic name as entry element Negotiation in business
Geographic subdivision United States.
Topical term or geographic name as entry element Intercultural communication.
655 #7 - INDEX TERM--GENRE/FORM
Genre/form data or focus term Electronic books.
Source of term local
700 1# - ADDED ENTRY--PERSONAL NAME
Personal name Peterson, Larry,
Dates associated with a name 1954-
710 2# - ADDED ENTRY--CORPORATE NAME
Corporate name or jurisdiction name as entry element ebrary, Inc.
830 #0 - SERIES ADDED ENTRY--UNIFORM TITLE
Uniform title Passport to the world.
856 40 - ELECTRONIC LOCATION AND ACCESS
Uniform Resource Identifier <a href="http://site.ebrary.com/lib/rucke/Doc?id=10026330">http://site.ebrary.com/lib/rucke/Doc?id=10026330</a>
Public note An electronic book accessible through the World Wide Web; click to view

No items available.

© 2026 Rongo University
Contact us: librarian | system librarian | Rongo university